Trouver les noms des célébrités - Statistiques

Statistiques générales
  • Ce quiz a été pris 1 027 fois
  • Le résultat moyen est 12 sur 16
Statistiques - réponses
Par images Réponse % Correct
Ariana grande
98%
Emmanuel macron
96%
Shakira
92%
Zendaya
90%
Will smith
89%
Emma watson
87%
Beyonce
85%
Philippe etchebest
83%
Gabriel attal
82%
The weeknd
77%
Millie Bobby Brown
75%
Jenna Ortega
74%
Ninho
64%
Olivia rodrigo
57%
Laurent mariotte
37%
Nina dobrev
37%
Aucun quiz correspondant
Distribution des résultats
% des personnes avec chaque résultat
Percentile par nombre de réponses
Votre historique - résultats
Vous n’avez pas pris ce quiz